عرض عادي عرض مارك
  • Salzman, Paul.

مدخل إسم شخص

عدد التسجيلات المستخدمة في: 1

001 - رقم الضبط

  • حقل الضبط: 7076

003 - معرف رقم الضبط

  • حقل الضبط: OSt

005 - تاريخ ووقت أخر عملية

  • حقل الضبط: 20111204100038.0

008 - عناصر بيانات ثابتة الطول

  • حقل تحكم ثابت الطول: 111204|||a|||||| | ||| d

040 ## - مصدر الفهرسة

  • هيئة الفهرسة الأصلية: OSt
  • وكالة الكتابة: OSt

100 ## - مدخل -- أسم شخص

  • إسم شخص: Salzman, Paul.

670 ## - بيانات المصدر موجوده

  • الاستشهاد بالمصدر: Work cat.: (OSt)20323: Behn, Aphra, 1640-1689. 7070, Oroonoko and other writings /, 2009